| 000 | 00000nam##2200000za#4500 |
| 001 | 9.659211 |
| 003 | CaOODSP |
| 005 | 20200330135816 |
| 007 | ta |
| 008 | 150407|1997||||xxc||||| f|0| 0 eng|d |
| 020 | |a0-662-62916-7 |
| 040 | |aCaOODSP|beng |
| 041 | |aeng |
| 041 | |afre |
| 043 | |an-cn--- |
| 086 | 1 |aM39-68/1997 |
| 110 | 1 |aCanada. |bNatural Resources Canada. |
| 245 | 14|aThe federal government's response to the final report of the Standing Committee on Natural Resources: Streamlining environmental regulation for mining : |btabled in the House of Commons by the Honourable A. Anne McLellan, Minister of Natural Resources |
| 260 | |aOttawa - Ontario : |bNatural Resources Canada |c1997. |
| 300 | |aEnglish text, 32p. ; |c28 cm. |
| 546 | |aBilingual |
| 563 | |aSoftcover |
| 590 | |a97-11|b1997-03-14 |
| 690 | 07|aMining industry|2gcpds |
| 776 | 0#|tRéponse du gouvernement fédéral au rapport final du Comité permanent des ressources naturelles intitulé : |w(CaOODSP)9.642074 |
| 776 | 0#|tThe federal government's response to the final report of the Standing Committee on Natural Resources : |w(CaOODSP)9.698077 |
| 792 | |tRéponse du gouvernement fédéral au rapport final du Comité permanent des ressources naturelles intitulé: Rationalisation de la réglementation environnementale dans le secteur minier : |efre|w(CaOODSP)9.659212 |